00787nam a22002177a 450000500170000001000150001702000260003203500140005803700090007208200110008110000260009224500710011825000060018926000410019527000880023630000190032470000350034394200220037899900190040095201500041920250707142313.0 aENG-145744 a9789361590771c440.00 aEN-129276 bDBAD a50021 aGupta, Prakash982676 aNTA CUET UG 2025:bMathematics/cPrakash Gupta [and] Prashant Jain a1 aNoidabPearson India Educationc2025 a15th Floor, Towe-B, World Trade Tower, Plot No.1, Block-C, Sector-16bNoidae201301 avpp.c23cm(pb) aJain, Prashant eAuthor982677 2ddccENh500mGUP c212166d212166 001040708NFICaMbMd2025-07-07eDelivery of Books Act Divisiong440.00l0o500 GUPpEN-129276r2025-07-07 00:00:00t1v440.00w2025-07-07yEN